Revolving doors : sex segregation and women's careers
Αποθηκεύτηκε σε:
| Κύριος συγγραφέας: | |
|---|---|
| Μορφή: | Βιβλίο |
| Γλώσσα: | English |
| Δημοσίευση: |
California :
Stanford University Press,
c1989
|
| Θέματα: | |
| Ετικέτες: |
Προσθήκη ετικέτας
Δεν υπάρχουν, Καταχωρήστε ετικέτα πρώτοι!
|
MARC
| LEADER | 00000nam a2200000 i 4500 | ||
|---|---|---|---|
| 001 | 1/72382 | ||
| 008 | 990316s1989 eng d | ||
| 020 | |a 0-8047-1814-8 | ||
| 035 | |l 10048549 | ||
| 040 | |a GR-MY-UA |b gre |e aacr | ||
| 041 | 0 | |a eng | |
| 082 | 0 | |a 331.4133 | |
| 100 | 1 | |a Jacobs, Jerry A. |d 1955- | |
| 245 | 1 | 0 | |a Revolving doors : |b sex segregation and women's careers / |c Jerry A. Jacobs |
| 260 | |a California : |b Stanford University Press, |c c1989 | ||
| 300 | |a 230 p. |b tables | ||
| 504 | |a Includes bibliographical references and index | ||
| 650 | 0 | 0 | |a Sex discrimination in employment. |
| 650 | 0 | 0 | |a Sex role in the work environment. |
| 650 | 0 | 0 | |a Sexual division of labor. |
| 650 | 0 | 0 | |a Pay equity. |
| 852 | |a INST |b LESVOS |e 19990316 |h 331.4133 JAC |p 005100016782 |q 005100016782 |t BK |y 0 | ||
| 901 | |a BIBL-1999-1 | ||
| 909 | |a Λ |b 061518 | ||
| 922 | |a 1ΕΛΗ |b 199811 |c ΚΠΣ/ΤΚ |d ΠΑΠΑΣΩΤΗΡΙΟΥ | ||
| 950 | |a 103-1998-07-27 | ||